Modern Education : (Record no. 43995)

MARC details
000 -LEADER
fixed length control field 01850nam a22002177a 4500
003 - CONTROL NUMBER IDENTIFIER
control field CUTN
005 - DATE AND TIME OF LATEST TRANSACTION
control field 20250204161230.0
008 - FIXED-LENGTH DATA ELEMENTS--GENERAL INFORMATION
fixed length control field 250204b |||||||| |||| 00| 0 eng d
020 ## - INTERNATIONAL STANDARD BOOK NUMBER
International Standard Book Number 9788180942068
041 ## - LANGUAGE CODE
Language English
082 ## - DEWEY DECIMAL CLASSIFICATION NUMBER
Classification number 370.82
Item number ARU
100 ## - MAIN ENTRY--PERSONAL NAME
Personal name Arumuga Gandhi, E.
245 ## - TITLE STATEMENT
Title Modern Education :
Remainder of title Women and Weaker Sections /
260 ## - PUBLICATION, DISTRIBUTION, ETC. (IMPRINT)
Place of publication, distribution, etc Chennai :
Name of publisher, distributor, etc MJP Publishers,
Date of publication, distribution, etc 2014.
300 ## - PHYSICAL DESCRIPTION
Extent xvii + 215 pages;
Other physical details illustrations;
Dimensions 25 cm
505 ## - FORMATTED CONTENTS NOTE
Title Structure and Pattern of Indian Education System: An Introduction Social Networking Sites Addiction and Self Esteem of Higher Secondary School Students Using Technology to Foster English Reading Proficiency for English as Second Language Learners Multifaceted Forms of ICT and Educational Technologies in the Modern Era Centre of Control and Achievement in Environmental Studies of School Students Empowering Dalits through Education Accommodations for Educational Transactions to Learning Disability Perspectives Education for Marginalized: An Analysis from Human Rights Perspective Do We Really Educate Our Children? An Analysis of Ideology Vs Reality Gender and Subject Selection in Vocational Stream of Education at Higher Secondary Level Subject Preference in Higher Education: An Analysis through Gender Perspective Girl Children and Education: An Empirical Study in Puducherry Region Role of Educational Intervention and its Impact on Health Status of Women Total Literacy Campaign and Jan Shikshan Sansthan: Means for Women Empowerment Education, Youth and Unemployment in India: A Sociological Analysis Is Vocational Stream of Education Means for Removing Unemployability: Myths and Realities Education for Survival of the Marginalised through Community College Index
650 ## - SUBJECT ADDED ENTRY--TOPICAL TERM
Topical term or geographic name as entry element Education
650 ## - SUBJECT ADDED ENTRY--TOPICAL TERM
Topical term or geographic name as entry element Sociology
650 ## - SUBJECT ADDED ENTRY--TOPICAL TERM
Topical term or geographic name as entry element Women's Studies
942 ## - ADDED ENTRY ELEMENTS (KOHA)
Source of classification or shelving scheme Dewey Decimal Classification
Koha item type General Books
Holdings
Withdrawn status Lost status Source of classification or shelving scheme Damaged status Not for loan Collection code Home library Location Shelving location Date of Cataloging Total Checkouts Full call number Barcode Date last seen Price effective from Koha item type
    Dewey Decimal Classification     Non-fiction CUTN Central Library CUTN Central Library Social Sciences 04/02/2025   370.82 ARU 51725 04/02/2025 04/02/2025 General Books